Principles of medicine in Africa (Record no. 16971)
[ view plain ]
| 000 -LEADER | |
|---|---|
| fixed length control field | 00562nam a22001817a 4500 |
| 008 - FIXED-LENGTH DATA ELEMENTS--GENERAL INFORMATION | |
| fixed length control field | 180712b xxu||||| |||| 00| 0 eng d |
| 020 ## - INTERNATIONAL STANDARD BOOK NUMBER | |
| International Standard Book Number | 0521534380 |
| 040 ## - CATALOGING SOURCE | |
| Original cataloging agency | KABU |
| Transcribing agency | KABU |
| 050 ## - LIBRARY OF CONGRESS CALL NUMBER | |
| Classification number | R651 |
| Item number | .P75 2004 c. 1 |
| 245 ## - TITLE STATEMENT | |
| Title | Principles of medicine in Africa |
| Statement of responsibility, etc. | edited by Eldryd Parry ... [et al.] |
| 250 ## - EDITION STATEMENT | |
| Edition statement | 3rd ed. |
| 260 ## - PUBLICATION, DISTRIBUTION, ETC. (IMPRINT) | |
| Place of publication, distribution, etc. | Cambridge |
| Name of publisher, distributor, etc. | CUP |
| Date of publication, distribution, etc. | 2004 |
| 300 ## - PHYSICAL DESCRIPTION | |
| Extent | xx, 1442 p. |
| 650 ## - SUBJECT ADDED ENTRY--TOPICAL TERM | |
| Topical term or geographic name as entry element | Tropical medicine |
| Form subdivision | Methods |
| Geographic subdivision | Africa |
| 650 ## - SUBJECT ADDED ENTRY--TOPICAL TERM | |
| Topical term or geographic name as entry element | Public health practice |
| Geographic subdivision | Africa |
| 700 ## - ADDED ENTRY--PERSONAL NAME | |
| Personal name | Parry, Eldryd ... [et al.]. |
| 942 ## - ADDED ENTRY ELEMENTS (KOHA) | |
| Source of classification or shelving scheme | Library of Congress Classification |
| Koha item type | General Collection |
| Edition | 3rd ed. |
| Classification part | R651 |
| Withdrawn status | Lost status | Source of classification or shelving scheme | Not for loan | Home library | Current library | Shelving location | Date acquired | Cost, normal purchase price | Total Checkouts | Full call number | Barcode | Date last seen | Copy number | Price effective from | Koha item type | Date last checked out |
|---|---|---|---|---|---|---|---|---|---|---|---|---|---|---|---|---|
| Library of Congress Classification | Kabarak, Main Campus | Kabarak, Main Campus | General Stacks | 12/07/2018 | 5200.00 | R651 .P75 2004 c. 1 | 025587 | 12/07/2018 | c. 1 | 12/07/2018 | General Collection | |||||
| Library of Congress Classification | Kabarak, Main Campus | Kabarak, Main Campus | General Stacks | 12/07/2018 | 5200.00 | R651 .P75 2004 c. 2 | 025588 | 12/07/2018 | c. 2 | 12/07/2018 | General Collection | |||||
| Library of Congress Classification | Kabarak, Main Campus | Kabarak, Main Campus | General Stacks | 12/07/2018 | 5200.00 | 1 | R651 .P75 2004 c. 3 | 025589 | 22/03/2025 | c. 3 | 12/07/2018 | General Collection | 24/02/2025 | |||
| Library of Congress Classification | Kabarak, Main Campus | Kabarak, Main Campus | General Stacks | 12/07/2018 | 5200.00 | R651 .P75 2004 c. 4 | 025590 | 17/02/2024 | c. 4 | 12/07/2018 | General Collection | |||||
| Library of Congress Classification | Kabarak, Main Campus | Kabarak, Main Campus | General Stacks | 12/07/2018 | 5200.00 | R651 .P75 2004 c. 5 | 025591 | 12/07/2018 | c. 5 | 12/07/2018 | General Collection |